Contemporary Indian Philosophy (Record no. 14483)
[ view plain ]
| 000 -LEADER | |
|---|---|
| fixed length control field | 003660000a22001570004500 |
| 001 - CONTROL NUMBER | |
| control field | 002574 |
| 003 - CONTROL NUMBER IDENTIFIER | |
| control field | MACL |
| 040 ## - CATALOGING SOURCE | |
| Original cataloging agency | MACL |
| 090 ## - LOCALLY ASSIGNED LC-TYPE CALL NUMBER (OCLC); LOCAL CALL NUMBER (RLIN) | |
| -- | 14567 |
| -- | 14566 |
| 100 ## - MAIN ENTRY--PERSONAL NAME | |
| Personal name | Lal, Basant Kumar |
| 245 ## - TITLE STATEMENT | |
| Title | Contemporary Indian Philosophy |
| Statement of responsibility, etc. | Basant Kumar Lal |
| 260 ## - PUBLICATION, DISTRIBUTION, ETC. (IMPRINT) | |
| Place of publication, distribution, etc. | Motilal Banarsidass Publisher, |
| Date of publication, distribution, etc. | 2005 |
| 350 ## - PRICE (NR) (BK AM CF MU VM SE) [OBSOLETE] | |
| Price | 175 |
| 650 ## - SUBJECT ADDED ENTRY--TOPICAL TERM | |
| Topical term or geographic name as entry element | Pholosophy |
| 942 ## - ADDED ENTRY ELEMENTS (KOHA) | |
| Call number prefix | 101 |
| Koha item type | Library Membar |
| Withdrawn status | Lost status | Source of classification or shelving scheme | Damaged status | Not for loan | Home library | Current library | Date acquired | Cost, normal purchase price | Total Checkouts | Total Renewals | Full call number | Barcode | Date last seen | Date last checked out | Uniform Resource Identifier | Price effective from | Koha item type |
|---|---|---|---|---|---|---|---|---|---|---|---|---|---|---|---|---|---|
| MACL | MACL | 15/04/2015 | 175.00 | 4 | 2 | 101.54 LAL | CRE018031 | 12/12/2025 | 09/11/2025 | 14369 | 15/04/2015 | Books |









